000 01505nab a22002657a 4500
999 _c5682
_d5682
003 OSt
005 20251226233657.0
008 190603e xxum|||| |||| 00| 0 spa d
040 _cPJ
100 _93858
_aMüller, Enrique Carlos
245 1 0 _aFunción preventiva. Nuevas tecnologías y medicina actual /
_cEnrique C. Müller.
260 _cCiudad Autónoma de Buenos Aires :
_aThomson Reuters La Ley,
_b2025.
300 _ap. 137-147
500 _aCita: TR LALEY AR/DOC/1774/2025 Publicado en: RCCyC 2025 (agosto).
505 _aSumario: I. La función preventiva. Noción.— II. El deber de prevención. El daño justificado e injustificado.— III. La acción preventiva.— IV. Cuestiones procesales.— V. El desarrollo científico contemporáneo. Regularidades y tendencias al servicio de la medicina moderna.— VI. La medicina de este siglo.— VII. Cuál es el impacto de la tecnología en este campo.— VIII. La singularidad de la IA.— IX. La importancia de la prevención del daño.
505 _t¿Te interesa el texto completo? Solicitalo al correo: koha@justierradelfuego.gov.ar
650 0 _91497
_aCODIGO CIVIL Y COMERCIAL
650 0 _91467
_aRESPONSABILIDAD CIVIL
650 0 _93331
_aDAÑO
650 0 _93993
_aMEDICINA
650 0 _94094
_aBIOÉTICA
650 0 _95444
_aDEBER DE PREVENCIÓN DEL DAÑO
773 0 _02713
_93170
_dCiudad Autónoma de Buenos Aires : Thomson Reuters La Ley, 2015-
_tRevista Código Civil y Comercial. Nº 4 - Agosto 2025
942 _2udc
_cANA